01012njm a2200229 i 45000010005000000030009000050050017000140070015000310080041000461000026000872450100001132600041002133000055002545000035003095180168003446100070005126500033005826500039006157100068006548520030007228520030007524591ES-MaACL20250622053043.0s|r|||||||||||041213s1982 sp ||| g ||||||||1|nspa d1 aIriarte, José Luis.10aRecuperación de la identidad vasca h[Grabación sonora] / cinterviene José Luis Iriarte. aMadrid : bAteneo de Madrid, c1982. a2 discos (CD-DA) (1 h. 49 min. 29 seg.) ; c12 cm. aDatos basados en invitación. aActo organizado por la Sección de Ciencias Morales y Políticas del Ateneo de Madrid, grabado en la aula pequeña el jueves 15 de abril de 1982, a las 20:00 h.24aAteneo de Madrid-xActos culturales-y1982-vGrabaciones sonoras. 4aNacionalismo-zPaís Vasco.14aIdentidad cultural-zPaís Vasco.2 aAteneo de Madrid. bSección de Ciencias Morales y Políticas aES-MaACLjROT 4/7/24cROT aES-MaACLjROT 4/7/25cROT